00422nam a22001577a 450000500170000000800410001702000170005804100080007508200180008310000180010124500520011925000200017126000380019130000080022965000270023720180205121635.0160429b xxu||||| |||| 00| 0 eng d a81-7656372-3 aeng b00829a005.13 aBayross, Ivan aSQL, PL/SQL: The Programming Language of Oracle a2ND REVISED ED. aNew DelhibBPB Publishing, c2003 a379 aInformation Technology